Brooklyn Nine-Nine Quotes - Statistics

General Stats
  • This quiz has been taken 498 times
  • The average score is 4 of 10
Answer Stats
Hint Answer % Correct
"Title of your ___ ____." Sex tape
94%
"Bing___!" Pot
83%
"_____ loves ______." Terry yogurt
67%
"What kind of _____ doesn't have an ___?" Woman axe
45%
"He ____ our ______ boy!" Took fluffy
24%
"No ____ feelings, but I ____ you. Not ______ bye." Hard hate joking
22%
"____ me! I've gone ____ _____!" Help full boyle
21%
"____-____!" Nine nine
16%
"I want lots of ___ expensive _____." Old books
11%
"Oh, ______. Truly ____ to ________ Garfield." Canada odie america's
8%
No matching quizzes found
Score Distribution
Percent of People with Each Score
Percentile by Number Answered
Your Score History
You have not taken this quiz